01258nam a2200337Ia 4500001001200000003000800012006001900020007001500039008004100054020001800095020001800113040002100131035002100152050002400173082001900197100002200216245014600238250001200384260003400396300001500430490002500445500002000470533015200490650004300642650001700685650002900702655002900731710001700760856012600777999001700903ebr10738049CaPaEBRm o u cr cn|||||||||130802s2013 at s 001 0 eng d z9781118445709 z9781118662342 aCaPaEBRcCaPaEBR a(OCoLC)85706763814aHG4638b.D67 2013eb04a332.63/2222231 aDorsey, Thomas J.10aPoint and figure chartingh[electronic resource] :bthe essential application for forecasting and tracking market prices /cThomas J. Dorsey. a4th ed. aHoboken, NJ :bWiley,cc2013. aix, 386 p.0 aWiley trading series aIncludes index. aElectronic reproduction.bPalo Alto, Calif. :cebrary,d2013.nAvailable via World Wide Web.nAccess may be limited to ebrary affiliated libraries. 0aStocksxPricesvCharts, diagrams, etc. 0aSpeculation. 0aStock price forecasting. 7aElectronic books.2local2 aebrary, Inc.40uhttp://site.ebrary.com/lib/rucke/Doc?id=10738049zAn electronic book accessible through the World Wide Web; click to view c36354d36354